New Japanese-English dictionary

保存先:
書誌詳細
第一著者: Masuda, Koh
フォーマット: 図書
言語:Undetermined
出版事項: Tokyo Kenkyusha 1974
主題:
タグ: タグ追加
タグなし, このレコードへの初めてのタグを付けませんか!
Thư viện lưu trữ: Trung tâm Học liệu Trường Đại học Cần Thơ
LEADER 00550nam a2200193Ia 4500
001 CTU_104613
008 210402s9999 xx 000 0 und d
082 |a 495.623 
082 |b M424 
100 |a Masuda, Koh 
245 0 |a New Japanese-English dictionary 
245 0 |c Koh Masuda 
260 |a Tokyo 
260 |b Kenkyusha 
260 |c 1974 
650 |a Japanese language,Từ điển Nhật - Anh,Tiếng Nhật 
650 |x English,Tiếng Anh 
904 |i Nguyên 
980 |a Trung tâm Học liệu Trường Đại học Cần Thơ